00343nam a22001097a 4500082001500000100002400015245006300039260004200102300002200144526003700166650003000203 a628.1bGAR aGarg, Santosh Kumar aWater supply engineering bEnvironmental Engineering Vol-I aNew Delhi,bKhanna Publishers,c1977. axx, 1064p.c24cm. a0b0c0d628_100000000000000_GAR aWater supply engineering